Generator Puzzle #51B - Statistics

General Stats
  • This quiz has been taken 131 times
  • The average score is 13 of 21
Answer Stats
Answer % Correct
theater platform stage
91%
praying insect mantis
90%
wheat, for example grain
85%
clever, intelligent smart
85%
this attracts iron filings magnet
82%
smooth glossy fabric satin
81%
Jesus's birth cattle trough manger
78%
1/28 of an ounce gram
72%
of the sea marine
72%
Indian instrument sitar
71%
deutsche Sprache German
69%
free, at no cost gratis
67%
2-word Caribbean island Saint
59%
country that is home to Shiraz, city of wine Iran
58%
precious stone, usually red garnet
56%
2-word Caribbean island Martin
48%
swallow food or drink ingest
44%
mystery, puzzle enigma
43%
9-letter S word STREAMING
35%
loose advertising section in a newspaper insert
27%
chess players do this on a bad day resign
7%
No matching quizzes found
Score Distribution
Percent of People with Each Score
Percentile by Number Answered
Your Score History
You have not taken this quiz